| 000 | 00338nam a2200133Ia 4500 | ||
|---|---|---|---|
| 008 | 210210b1978 xxu||||| |||| 00| 0 eng d | ||
| 082 | _a339 SANM | ||
| 100 | _aSANKARAN (S). | ||
| 245 | _aMacro economics. | ||
| 260 |
_aBombay. _bProgressive Corporation Pvt Ltd., _c1978 |
||
| 300 | _axii,384 | ||
| 690 | _aMacroeconomics | ||
| 906 | _a033675 | ||
| 999 |
_c84167 _d84167 |
||